<?xml version="1.0" encoding="UTF-8"?>
<marc:record xmlns:marc="http://www.loc.gov/MARC21/slim">
   <marc:leader>00000nam a2200000 a 4500</marc:leader>
   <marc:datafield ind1="1" ind2=" " tag="100">
      <marc:subfield code="a">Lohmann, Eva</marc:subfield>
      <marc:subfield code="4">aut</marc:subfield>
      <marc:subfield code="e">Verfasser/-in</marc:subfield>
   </marc:datafield>
   <marc:datafield ind1=" " ind2=" " tag="653">
      <marc:subfield code="a">Erzählende Literatur: Gegenwartsliteratur ab 1945</marc:subfield>
   </marc:datafield>
   <marc:datafield ind1=" " ind2=" " tag="653">
      <marc:subfield code="a">Älterwerden</marc:subfield>
   </marc:datafield>
   <marc:datafield ind1=" " ind2=" " tag="653">
      <marc:subfield code="a">Schönheit</marc:subfield>
   </marc:datafield>
   <marc:datafield ind1="0" ind2="0" tag="245">
      <marc:subfield code="a">Wie du mich ansiehst</marc:subfield>
   </marc:datafield>
   <marc:datafield ind1="0" ind2="0" tag="245">
      <marc:subfield code="b">Roman</marc:subfield>
   </marc:datafield>
   <marc:datafield ind1="0" ind2="0" tag="245">
      <marc:subfield code="c">Lohmann, Eva</marc:subfield>
   </marc:datafield>
   <marc:datafield ind1=" " ind2="1" tag="264">
      <marc:subfield code="a">München</marc:subfield>
      <marc:subfield code="b">Eisele Verlag</marc:subfield>
      <marc:subfield code="c">2026</marc:subfield>
   </marc:datafield>
   <marc:datafield ind1=" " ind2=" " tag="250">
      <marc:subfield code="a">1. Auflage ; Taschenbuchausgabe</marc:subfield>
   </marc:datafield>
   <marc:datafield ind1="1" ind2=" " tag="520">
      <marc:subfield code="a">Eva Lohmann schreibt in ihrem neuen Roman über die Vergänglichkeit von dem, was wir Schönheit nennen, und die Chancen, die im Älterwerden liegen.&#xD;
Zwei Dinge hat Karl seiner Tochter Johanna hinterlassen: Den geliebten, verwilderten Garten – und eine Sorgenfalte im Gesicht, die einfach nicht weggehen will. Den Garten möchte Johanna behalten, auch wenn sie noch nicht weiß, was sie ganz allein dort soll: &#xD;
Ehemann Hendrik verbringt die Hälfte des Jahres auf dem Meer, Tochter Rosa geht langsam ihrer eigenen Wege, und Mutter Hille hat eine merkwürdige Abneigung gegen diesen eigentlich so wunderbaren Ort. &#xD;
Die Sache mit der Sorgenfalte scheint einfacher: Johanna lässt das erste Mal in ihrem Leben „etwas machen“. Sie ist fasziniert, wie man die Erschütterungen eines vierzigjährigen Lebens einfach ausradieren kann. &#xD;
Als Rosa bemerkt, was ihre Mutter getan hat, entsteht ein Riss zwischen den beiden. Hat Johanna ihrer Tochter doch unermüdlich beigebracht, sich selbst zu lieben – und zwar genau so, wie sie ist. &#xD;
Langsam lernt Johanna, ihre Schönheitsideale zu überdenken. Und zu merken:&#xD;
 Wenn wir wir selbst sind, sind wir schön.</marc:subfield>
   </marc:datafield>
   <marc:datafield ind1=" " ind2=" " tag="020">
      <marc:subfield code="a">9783961612802</marc:subfield>
      <marc:subfield code="9">9783961612802</marc:subfield>
   </marc:datafield>
   <marc:datafield ind1=" " ind2=" " tag="020">
      <marc:subfield code="a">3961612803</marc:subfield>
      <marc:subfield code="9">3961612803</marc:subfield>
   </marc:datafield>
   <marc:datafield ind1=" " ind2=" " tag="041">
      <marc:subfield code="a">ger</marc:subfield>
   </marc:datafield>
   <marc:datafield ind1=" " ind2=" " tag="338">
      <marc:subfield code="a">Band</marc:subfield>
   </marc:datafield>
   <marc:datafield ind1=" " ind2=" " tag="300">
      <marc:subfield code="a">233 Seiten</marc:subfield>
   </marc:datafield>
</marc:record>
